Normal view
MARC view
- Microwaves.
Entry Topical Term
001 - CONTROL NUMBER
- control field: 26344
003 - CONTROL NUMBER IDENTIFIER
- control field: NUST
005 - DATE AND TIME OF LATEST TRANSACTION
- control field: 20191202164812.0
008 - FIXED-LENGTH DATA ELEMENTS
- fixed length control field: 191202|| aca||aabn | a|a d
040 ## - CATALOGING SOURCE
- Original cataloging agency: NUST
- Transcribing agency: NUST
150 ## - HEADING--TOPICAL TERM
- Topical term or geographic name entry element: Microwaves.
670 ## - SOURCE DATA FOUND
- Source citation: Work cat.: (NUST)0: Carr, Joseph J. 26343, Microwave & wireless communications technology /, c1997.
